|
|
|
|
| LEADER |
00000naa2a2200000 4500 |
| 001 |
618928 |
| 005 |
20231101133033.0 |
| 035 |
|
|
|a (RuTPU)RU\TPU\conf\17321
|
| 035 |
|
|
|a RU\TPU\conf\17277
|
| 090 |
|
|
|a 618928
|
| 100 |
|
|
|a 20160621d2014 k y0rusy50 ca
|
| 101 |
0 |
|
|a rus
|
| 102 |
|
|
|a RU
|
| 105 |
|
|
|a y z 101zy
|
| 135 |
|
|
|a drgn ---uucaa
|
| 181 |
|
0 |
|a i
|
| 182 |
|
0 |
|a b
|
| 200 |
1 |
|
|a Потребности граждан сибирского федерального округа в иноязычном образовании
|f О. В. Цигулева, М. В. Голубева, М. В. Боярчук
|
| 203 |
|
|
|a Текст
|c электронный
|
| 225 |
1 |
|
|a Лингвистические и культурологические традиции и инновации: актуальные вопросы современной лингвистики и образования
|
| 230 |
|
|
|a 1 компьютерный файл (pdf; 502 Кb)
|
| 300 |
|
|
|a Заглавие с титульного экрана
|
| 320 |
|
|
|a [Библиогр.: с. 119 (2 назв.)]
|
| 337 |
|
|
|a Adobe Reader
|
| 463 |
|
0 |
|0 (RuTPU)RU\TPU\conf\9447
|t Лингвистические и культурологические традиции и инновации
|o сборник материаов XIV Международной научно-практической конференции, Томск, 12-15 ноября 2014 г.
|f Национальный исследовательский Томский политехнический университет (ТПУ) ; ред. кол. Ю. В. Кобенко [и др.]
|v [С. 117-119]
|d 2014
|
| 610 |
1 |
|
|a электронный ресурс
|
| 610 |
1 |
|
|a Сибирский федеральный округ
|
| 610 |
1 |
|
|a иноязычное образование
|
| 610 |
1 |
|
|a российское образование
|
| 610 |
1 |
|
|a иностранные языки
|
| 610 |
1 |
|
|a культурное развитие
|
| 700 |
|
1 |
|a Цигулева
|b О. В.
|
| 701 |
|
1 |
|a Голубева
|b М. В.
|
| 701 |
|
1 |
|a Боярчук
|b М. В.
|
| 801 |
|
2 |
|a RU
|b 63413507
|c 20220228
|g RCR
|
| 856 |
4 |
|
|u http://earchive.tpu.ru/handle/11683/69829
|
| 856 |
4 |
|
|u http://www.lib.tpu.ru/fulltext/c/2014/C85/V1/026.pdf
|
| 942 |
|
|
|c BK
|